000
00237nam a22001097a 4500
082
_a
823
_b
OWE/T
100
_a
OWEN, CHRISTINA T
245
_a
THE TWO K'S
520
_a
ENGLISH SHORT STORIES
650
_a
ENGLISH SHORT STORIES
942
_c
BK
999
_c
5165
_d
5165